Normal view MARC view

Entry Nombre personal

Number of records used in: 2

001 - NÚMERO DE CONTROL

  • campo de control: 128507

003 - IDENTIFICADOR DE NÚMERO DE CONTROL

  • campo de control: SpMaBN

005 - FECHA Y HORA DE LA ÚLTIMA TRANSACCIÓN

  • campo de control: 20231226150150.0

008 - ELEMENTOS DE DATO DE LONGITUD-FIJA

  • campo de control de longitud fija: 950406n| aijnnaabn |a aaa

016 ## - NÚMERO DE CONTROL DE UNA AGENCIA BIBLIOGRÁFICA NACIONAL

  • Número de control del registro: BNE19950332682

024 7# - IDENTIFICADOR DE OTROS ESTÁNDARES

  • Número estándar o código: http://viaf.org/viaf/86843128/
  • Fuente: viaf

040 ## - FUENTE DE CATALOGACIÓN

  • Centro catalogador/agencia de origen: SpMaBN
  • Lengua de catalogación: spa
  • Centro/agencia transcriptor: SpMaBN
  • Normas de descripción: rdc
  • Convención/Normas de encabezamiento de materia/tesauro: embne

046 ## - FECHAS CON CODIFICACIÓN ESPECIAL

  • Fecha de nacimiento: 1815
  • Fecha de la muerte: 1888

100 1# - ENCABEZAMIENTO-NOMBRE DE PERSONA

  • Nombre de persona: Llave, Pedro de la,
  • Fechas asociadas al nombre: 1815-1888

370 ## - LUGAR ASOCIADO

  • Lugar de nacimiento: Talavera de la Reina
  • Número de control del registro de autoridad o número normalizado: XX452108
  • Fuente de información: Wikidata

373 ## - GRUPO ASOCIADO

  • Grupo asociado: Real Academia de Ciencias Exactas, Físicas y Naturales
  • Fuente de información: Wikidata

373 ## - GRUPO ASOCIADO

  • Grupo asociado: Ateneo de Madrid
  • Fuente de información: Galería de Retratos (2018)

374 ## - OCUPACIÓN

  • Ocupación: Militares
  • Fuente de información: Wikidata

375 ## - GÉNERO/SEXO

  • Género: Masculino
  • Fuente de información: Wikidata

400 1# - TRAZADO DE VÉASE--NOMBRE DE PERSONA

  • Nombre de persona: Llave y de la Llave, Pedro de la,

400 1# - TRAZADO DE VÉASE--NOMBRE DE PERSONA

  • Nombre de persona: Llave y la Llave, Pedro de la,
  • Fechas asociadas al nombre: 1815-1888

670 ## - FUENTE DE DATOS ENCONTRADOS

  • Cita de la fuente: Grabados y lemas de armas blancas, 1882
  • Información encontrada: port. (Pedro de la Llave; mariscal de campo de artillería) p. [43] (Pedro de la Llave y de la Llave)

670 ## - FUENTE DE DATOS ENCONTRADOS

  • Cita de la fuente: Galería de retratos, 2004
  • Información encontrada: p. 150 (Pedro la Llave y la Llave; n. en Talavera de la Reina, 19-10-1815; m. en Madrid, 18-11-1888; Militar

678 ## - DATOS BIOGRÁFICOS O HISTÓRICOS

  • Datos biográficos o históricos: Socio del Ateneo de Madrid
  • Ampliación de la nota: Fuente: Galería de Retratos (2018)